Statistics for Geography - The Islamic Empire Today

Click here to take the quiz!

General Stats

  • This quiz has been taken 1,025 times
    (998 since last reset)
  • The average score is 34 of 43

Answer Stats

Country% Correct
Turkey
96%
Iran
95%
Iraq
95%
Egypt
93%
Oman
93%
Pakistan
93%
Saudi Arabia
93%
Yemen
93%
Syria
91%
Algeria
90%
Morocco
90%
United Arab Emirates
89%
Libya
88%
Qatar
88%
Afghanistan
87%
Lebanon
87%
India
86%
Jordan
86%
Kuwait
86%
Tunisia
86%
Baharin
85%
Sudan
84%
Israel
83%
Turkmenistan
82%
Armenia
80%
Azerbaijan
80%
Uzbekistan
80%
Georgia
78%
Tajikistan
78%
Greece
77%
Spain
76%
Palestine
74%
Russia
74%
Cyprus
69%
Italy
69%
Portugal
68%
France
66%
Bulgaria
65%
Mauritania
64%
Kyrgyzstan
62%
Western Sahara
60%
Andorra
46%
Kazakhstan
39%

Score Distribution

Percentile by Number Answered

Percent of People with Each Score

Your Score History

You have not taken this quiz since the last reset